| 000 | 00845nam a2200253 i 4500 | ||
|---|---|---|---|
| 003 | DO-SdBNP | ||
| 005 | 20250630153737.0 | ||
| 007 | ta | ||
| 008 | 250630t2006 dr 000 0 spa d | ||
| 040 |
_aDO-SdBNP _bspa _cBNPHU _erda |
||
| 041 | _hspa | ||
| 082 |
_axxxx _bJ82 _222 |
||
| 111 | 1 |
_aJornada Nacional Capacitación Municipal _c(Santo Domingo? : _d2006?) _988223 |
|
| 245 | 1 | 3 | _aRealidades y desafíos de la gestión municipal en el marco de la reforma y modernización del Estado / |
| 264 |
_aSanto Domingo : _bConsejo Nacional de Reforma del Estado (CONARE), _c2006. |
||
| 300 |
_a38 páginas _c28 cm. |
||
| 336 |
_atexto _btxt _2rdacontent |
||
| 337 |
_asin mediación _bn _2rdamedia |
||
| 338 |
_avolumen _bnc _2rdacarrier |
||
| 490 | 1 |
_aCuaderno ; _v1 |
|
| 590 | _aInventariado, 2025/ YL | ||
| 910 | _aYLockward | ||
| 942 |
_2ddc _cLF2 |
||
| 999 |
_c59403 _d59403 |
||